| 000 | 00401nam a2200145Ia 4500 | ||
|---|---|---|---|
| 008 | 250527s9999 xx 000 0 und d | ||
| 082 | _a891.4391 ANW | ||
| 100 | _aAnwar, Syed Anwar Ali | ||
| 245 | 0 |
_aKhursheed: _bMajmmoa e Kalaam (خورشید: مجموعۂ کلام) |
|
| 250 | _a2nd ed. | ||
| 260 |
_aKarachi: _bSyed Publications, _c1989 |
||
| 300 | _a216p. | ||
| 600 | _aLiterature | ||
| 942 | _cGB | ||
| 999 |
_c31283 _d31283 |
||